• 首页
  • 本馆介绍
  • 公告通知
  • 最新文献
  • 馆藏检索
  • 电子资源
  • 读者导购
  • 参考咨询
  • 我的图书馆
  • 登录
  • 详细信息显示
  • 放入我的书架
  • 预约/预借图书
  • 作者相关作品
  • 分类相关作品
  • 丛书相关作品
  • 出版社相关作品

书目信息

  • 表格格式
  • 工作单格式
  • 卡片格式
题名:
百年大势
    
 
作者: ;中国图书馆学会 主编
分册:  
出版信息: 北京   科学出版社  2004
页数: 255页
开本: 24cm
丛书名: 中国图书馆百年系列丛书
单 册:
中图分类: G259.29
科图分类:
主题词: 图书馆事业--中国--20世纪~21世纪
电子资源:
ISBN: 7-03-013924-0
000 00905oam2 2200253 45
001 002727620
005 20050104162408.7
010    @a7-03-013924-0@dCNY36.00
100    @a20040923d2004 em y0chiy0110 ea
101 0  @achi
102    @aCN@b110000
105    @aa z 000yy
200 1  @a百年大势@ABai Nian Da Shi@e历久弥新@ELi Jiu Mi Xin@f中国图书馆学会主编
210    @a北京@c科学出版社@d2004
215    @a255页@c图@d24cm
225 2  @a中国图书馆百年系列丛书
330    @a本书分为两部分,描述了20世纪初到21世纪初百余年间中国图书馆事业从兴起、成长、发展乃至兴盛的全过程;剖析了目前中国图书馆学的现状与架构、图书馆行业的生存环境与发展机遇等内容。
410    @12001 @a中国图书馆百年系列丛书
517    @a历久弥新@ALi Jiu Mi Xin
606 0  @a图书馆事业@y中国@z20世纪~21世纪
690    @aG259.29@v4
711 02 @a中国图书馆学会@4主编
801  0 @aCN@bNLC@c20041021
905    @b341074@dG259.29@e17@f1
    
    百年大势:历久弥新/中国图书馆学会主编.-北京:科学出版社,2004
    255页:图;24cm.-(中国图书馆百年系列丛书)
    
    
    ISBN 7-03-013924-0:CNY36.00
    本书分为两部分,描述了20世纪初到21世纪初百余年间中国图书馆事业从兴起、成长、发展乃至兴盛的全过程;剖析了目前中国图书馆学的现状与架构、图书馆行业的生存环境与发展机遇等内容。
●
相关链接 在E读中查询图书 在五车中查询图书 在当当中查询图书 在豆瓣中查询图书


正题名:百年大势     索取号:G259.29/17         预约/预借

序号 登录号 条形码 馆藏地/架位号 状态 备注
1 0341074   203410745   第一样本阅览室/ [索取号:G259.29/17] 在馆    
唐山师范学院图书馆 欢迎您!
大连网信软件有限公司© 版权所有